000 00955cab a2200277 4500
001 ABS50744
008 090401t1994 xxu||||| |||| 00| 0 eng d
035 _a(Sirsi) u33083
041 _aeng
100 _aRanasinghe, M.
245 _aContingency allocation and management for building projects
260 _c1994
350 _a0
490 _aConstruction Management & Economics
_v12(3) 1994, 233-243(11)
520 _aPresents a model for the evaluation of project costs to cover unforeseen circumstances and the contingency arrangements required to meet them. Quantifies the uncertainty of project cost.
650 _aBUILT ENVIRONMENT-BUILDING COSTS
650 _aBUILDING PROJECTS
650 _aCONTINGENCY ALLOWANCE
650 _aCONTINGENCY PLANNING
650 _aCONTINGENCY
650 _aPROBABILITY
690 _aBUILT ENVIRONMENT-BUILDING COSTS
690 _aProject management
_96261
942 _n0
948 _c04/03/1997
999 _c22114
_d22114